|
|
|
|
| LEADER |
00809cam a2200205 7i4500 |
| 001 |
0000023762 |
| 005 |
20190429090000.0 |
| 008 |
080827 eng |
| 090 |
0 |
0 |
|a TA710
|b .R35 2007
|
| 100 |
0 |
|
|a Ramesh Kumar Puspasagaram
|
| 245 |
1 |
0 |
|a Effect of shearing speed on the shear strength parameter of remoulded laterite soil
|c Ramesh Kumar A/L Puspasagaram.
|
| 260 |
|
|
|a Bestari Jaya, Selangor:
|b UNISEL,
|c 2007.
|
| 300 |
|
|
|a vi, 74 p.:
|b col. ill.;
|c 30 cm.
|
| 502 |
|
|
|a Thesis (Bachelor of Civil Engineering), UNISEL, 2007
|
| 610 |
2 |
|
|a Universiti Industri Selangor
|
| 650 |
0 |
0 |
|a Soil mechanics
|
| 650 |
0 |
0 |
|a Soils
|
| 997 |
|
|
|a Engineering & Life Sciences, Faculty
|b Engineering, Department
|
| 998 |
|
|
|a Civil Engineering, Degree
|
| 999 |
|
|
|a THE0000387
|b THESIS
|c THESIS
|e Thesis Room, Bestari Jaya
|